[Event "ESP-chT CECLUB Honor"]
[Site "Melilla"]
[Date "2011.11.24"]
[Round "5"]
[White "Fedorchuk, Sergey A"]
[Black "Ponomariov, Ruslan"]
[Result "1-0"]
[WhiteElo "2632"]
[BlackElo "2723"]
[Annotator "RR"]
[PlyCount "49"]
[EventDate "2011.11.21"]
[EventType "team-tourn"]
[EventRounds "7"]
[EventCountry "ESP"]
[SourceTitle "CBM 146"]
[Source "ChessBase"]
[SourceDate "2012.01.18"]
[SourceVersion "1"]
[SourceVersionDate "2012.01.18"]
[SourceQuality "1"]
[WhiteTeam "Cajacanarias"]
[BlackTeam "Taldea Gros Xake"]
[WhiteTeamCountry "ESP"]
[BlackTeamCountry "ESP"]

1. e4 c5 2. Nf3 d6 3. Bb5+ Nd7 4. d4 cxd4 5. Qxd4 a6 6. Bxd7+ Bxd7 7. Nc3 e5 8.
Qd3 h6 9. Nd2 Rc8 10. Nc4 Qc7 11. Ne3 Nf6 12. O-O Be7 13. a4 Qc5 14. Rd1 Be6
15. Qe2 O-O 16. Rd3 Bd8 17. Qf3 Kh7 18. Nf5 Rc6 19. b3 Ba5 $2 (19... Qa5 20.
Ba3 Bxf5 $16) 20. Nxg7 $1 Kxg7 {[%tqu "En","","","","c1h6","",10]} 21. Bxh6+ $1
Kg6 22. Nd5 Nh7 23. Qg3+ Kh5 {[%tqu "En","","","","d5f6","",10]} 24. Nf6+ $1
Nxf6 25. Qg5# 1-0

[Event "Tata Steel-A 74th"]
[Site "Wijk aan Zee"]
[Date "2012.01.27"]
[Round "11"]
[White "Carlsen, Magnus"]
[Black "Topalov, Veselin"]
[Result "1-0"]
[WhiteElo "2835"]
[BlackElo "2770"]
[Annotator "Ramirez Alvarez,A"]
[PlyCount "111"]
[EventDate "2012.01.14"]
[EventType "tourn"]
[EventRounds "13"]
[EventCountry "NED"]
[EventCategory "21"]
[SourceTitle "CBM 147"]
[Source "ChessBase"]
[SourceDate "2012.03.16"]
[SourceVersion "1"]
[SourceVersionDate "2012.03.16"]
[SourceQuality "1"]
[TimeControl "6000+30"]

1. e4 c5 2. Nf3 d6 3. Bb5+ Nd7 4. c3 Ngf6 5. Qe2 a6 6. Ba4 Qc7 {Not the main
move, but it scores quite well. A lot of games have seen 6... b5 instead.} 7.
O-O e5 {And this is new, Volokitin had tried c4 against a weaker opponent a
few years ago.} 8. d4 b5 9. Bc2 cxd4 {This move requires a little bit of an
explanation. Black doesn't really want to concede the c3 square for White's N,
but at the same time, this move is useful because it takes the sting out of a4,
which would have been the reply to any other logical move. The position
heavily resembles a Ruy Lopez more than a Sicilian, due to the B positioning
on c2 and the pawn structure.} (9... Be7 10. a4 b4 11. dxc5 dxc5 12. Nbd2 {
[%cal Rd2c4] eeally emphasizes the weakness left on c4 by pushing the pawn.})
10. cxd4 Be7 11. Nc3 (11. a4 b4 {is nowhere near as threatening now.}) 11...
O-O 12. Bg5 h6 13. Bh4 Bb7 14. Rad1 Rac8 15. Bb3 Rfe8 16. dxe5 dxe5 17. Bg3 Bf8
18. h3 Nb6 {So far both sides have developed in a very logical fashion. Black
should be quite happy with the results of the opening: all his pieces are on
good squares and he has a sound pawn structure. His last move prepares the
very natural ...Nc4, which will block out the strong B on b3, and pressure b2.}
19. Nh4 $5 Nc4 20. Nf5 {And this is where things start to get wild. Magnus'
Nh4 was already an indication that this move will follow, as there was no
satisfactory way to meekly defend the b2 pawn.} Nxb2 21. Bh4 $5 (21. Rc1 Nc4
22. Bh4 g5 $15 {Gives White some compensation but I'm not sure it is enough.
The N on f5 does look powerful, but a pawn is a pawn. It's possible that Black
is just better in this position.}) (21. Nxh6+ $5 gxh6 22. Bh4 Bg7 (22... Qc6
23. Bxf6 Qxf6 24. Qxb2 $14) 23. Bxf6 Bxf6 24. Qg4+ Kh8 25. Rd7 Qxc3 26. Bxf7
Red8 $17 {And here White has a scary looking attack, but it does seem like
Black will survive by all means.}) 21... Nxd1 {Topalov "goes for it" but he
might not have had a choice.} (21... g5 {Seemed like the more prudent way to
play, but that is not quite the case.} 22. Rd6 $3 Bxd6 $8 23. Nxh6+ Kf8 24.
Bxg5 $13 {And despite being up a rook (!) White's threats look extremely
powerful. Specifically, Bxf6 and Qg4 or Nf5 and Bh5+. A crazy position that
should be analyzed in depth.}) 22. Bxf6 Nxc3 (22... gxf6 $2 23. Nxd1 $16 {
gives White way too much compensation for his lost material, as Qh5 is the
next move and the attack is huge.}) (22... Re6 $5 {is a very clever move. If
White takes on e6, then after fxe6 the g7-pawn will be better defended and it
kicks out the N on f5. Again, this position would require lots of analysis,
but let's take a look at the most obvious.} 23. Nxh6+ (23. Bxe6 Nxc3 $5 24.
Nxh6+ Kh7 25. Qh5 g6 $13) 23... Kh7 24. Qh5 g6 $1 25. Qh4 Bxh6 26. Rxd1 g5 $1
27. Bxg5 Rg6 $13) 23. Qg4 Bxe4 {A very logical move. The bishop hurries back
to the defense and attacks the f5-N. It also covers the b1-h7 diagonal which
can be important in many variations.} (23... Re6 {was very interesting but
it's hard to play during a game. Again, this will be analyzed in full.} 24.
Nxh6+ (24. Nxg7 $5 Rxf6 25. Ne8+ Kh8 26. Nxf6 Bg7 27. Qf5 Bxf6 28. Qxf6+ Kg8
29. Qg6+ Kf8 30. Qxh6+ Ke8 {Might just not work for White though.}) 24... Kh7
25. Nxf7 $13) 24. Nxh6+ (24. Nxg7 Kh7 25. Nxe8 Rxe8 26. Rd1 $1 {is a very
surprising resource. Here Black is powerless against the threat of Rd7, but he
can still defend once the R penetrates.} Bg6 (26... Nxd1 $4 27. Qxe4+ Kg8 28.
Qg6+) 27. Rd7 Ne2+ 28. Kf1 Ng3+ 29. fxg3 Qc1+ 30. Ke2 {with an incredibly
messy position.}) 24... Kh7 25. Bxf7 {A lot of pieces are swarming around the
black king. It is easy to say this during post mortem analysis: I just don't
see what White is threatening at the moment. However, during the heat of
battle, I can't imagine having a scarier position.} Qxf7 $2 {This is a little
bit of a panic mode.} (25... Bd3 {and I'm not sure what White's followup is.}
26. Qh5 Ne2+ 27. Kh1 Nf4 {and it looks like it's checkmate but it's not, so
Black wins.}) 26. Nxf7 gxf6 {Black still has a considerable material advantage,
but unfortunately for him his K is very exposed. Carlsen must be quick to
exploit this, because as soon as Black gets any kind of coordination he will
be lost.} 27. f4 $8 Bg6 28. Qh4+ Kg7 29. fxe5 Ne4 30. Rxf6 Bc5+ 31. Kh2 Nxf6
32. Qxf6+ Kh7 33. Ng5+ Kh6 {White has sacrificed even more material, but in
compensation Black's K is even more exposed. It is funny how those things work.
In any case, it is clear the Magnus now has a perpetual and I'm sure many GMs
would be willing to finish such an exhausting game, but that's not the
attitude that's made Magnus the #1 player in the world.} 34. Ne6 (34. Nf7+ Kh7
$11) 34... Rxe6 35. Qxe6 Re8 36. Qf6 {To be fair, it doesn't take much to
realize that White still holds a perpetual in his hands whenever he wants it.
He just has to be careful not to overpress.} Be7 $2 {I'm not sure why Topalov
gifted the a6-pawn, but maybe a loss of perspective can explain it. After
defending so much and having such wild material differences, it is sometimes
hard to remember that one pawn can make a big difference.} (36... a5 {was
quite a superior move. Not only does it save the pawn, it keeps the pressure
on e5 which is very important.}) 37. Qxa6 $14 b4 38. Qc4 Bf8 39. g4 Kh7 40. e6
Bd6+ {Move 40 has finally been reached, but sadly for Topalov his position
isn't so good any more. This is mainly due to the fact that the e6-pawn is
very hard to get to, and the two passed pawns on the kingside are very
powerful. On top of that, there is no way to create counterplay. This is a
very tough defense.} 41. Kg2 Be7 42. Qc7 {Black is almost in Zugzwang in this
position, and actually 42...Kg7 is forced.} Kg8 43. Kg3 Kf8 44. Qf4+ $6 {
An innacuracy, a better way to do what Magnus did in the game was by putting
the Q on e5 immediately.} (44. Qe5 $1 {threatening Qh8 mate.} Kg8 45. h4 {
is much more like it, with strong threats.}) 44... Kg7 45. Qd4+ Kg8 46. h4 Rd8
47. Qc4 Bd3 $6 {And with this move Topalov returns the favor, it was
imperative to take this one hope of counterplay and go for it.} (47... Rd3+ $1
48. Kg2 Rd2+ (48... Bxh4 $2 49. e7+ $18) 49. Kf3 Bxh4 {and it seems Black is
safe. Easier said with a lot of time to analyze the position though, as it
looks quite scary.}) 48. Qc6 Bb1 $2 {But this move just loses. It is way too
aggressive, which is unsurprising considering Topalov's usual 'defense'
methods, but it was not what the position required.} (48... Kg7 49. g5 Bg6 {
still gave good drawing chances since the K can't easily cross to the 4th rank
to support the pawn.}) 49. h5 {Winning but not as easily as....} (49. Qb7 $1 {
And now Black has serious problems with the positioning of his pieces.} Kf8 $2
(49... Re8 50. Qd7 Kf8 51. Qd1 {and again Q somewhere in the f-file next move.}
) (49... Bd6+ 50. Kh3 $18 {threatens both Qf7 and e7 and just e7 directly.})
50. Qf3+ Kg8 51. Qf7+) 49... Bxa2 50. Qe4 {Black is simply dominated in this
position, and his K is rapidly being entangled in a mating net.} Kh8 51. h6 Bf6
52. e7 Re8 53. Qf4 Bg7 54. hxg7+ Kxg7 55. g5 Kg8 56. Qf6 {Definitely not
Topalov's most shining moment. It is possible that he was simply winning and
that Carlsen's sacrifices were not much more than a bluff, but the bluff paid
off. Even then, the endgame was quite holdable, but Topalov's over-aggression
prevented him from cooly maintaining a passive defense, and that cost him the
game. Wild and exciting chess!} 1-0

[Event "Adelaide op"]
[Site "Adelaide"]
[Date "1990.??.??"]
[Round "7"]
[White "Levi, Eddy"]
[Black "Jamieson, Robert Murray"]
[Result "0-1"]
[WhiteElo "2310"]
[BlackElo "2455"]
[Annotator "Rogers,I"]
[PlyCount "64"]
[EventDate "1990.12.??"]
[EventType "swiss"]
[EventRounds "11"]
[EventCountry "AUS"]
[SourceTitle "EXT 1997"]
[Source "ChessBase"]
[SourceDate "1996.11.15"]
[SourceVersion "1"]
[SourceVersionDate "1996.11.15"]
[SourceQuality "1"]

1. e4 c5 2. Nf3 Nc6 3. Nc3 d6 4. Bb5 e5 $1 {White's last two moves do not fit
together particularly well (4.d4! would be best) and Jamieson seizes the
opportunity to set up his favourite 'Botvinnik' pawn structure.} 5. O-O g6 6.
d3 Bg7 7. Nd5 a6 8. Ba4 b5 9. Bb3 Na5 10. c3 h6 11. Bc2 Ne7 12. d4 O-O 13. dxc5
dxc5 14. Be3 Nb7 15. a4 $6 Nxd5 $1 16. exd5 Bd7 {Black is now ready to play ...
f5 with a clear advantage on the king's wing but Levi's next few moves only
make matters worse.} 17. Qd2 $6 Kh7 18. h4 $2 f5 $1 {The dual threats of 19...
f4 and ...e4 now force White to embark on a desperate piece sacrifice.} 19. h5
$5 f4 $1 20. Bxg6+ Kh8 21. Rfe1 fxe3 22. Rxe3 Na5 $1 {Jamieson does not make
the mistake of going on to the defensive when ahead on material. Over the next
few moves Black simply activates his pieces and the White position folds.} 23.
Qd3 Nc4 24. Re2 Bg4 $1 25. axb5 Bxf3 26. gxf3 axb5 27. Rxa8 Qg5+ $1 28. Kh2
Rxa8 29. Re4 Ra1 30. Rg4 Qc1 31. Rg2 Qf4+ 32. Rg3 Qh4+ 0-1

[Event "Barcelona"]
[Site "Barcelona"]
[Date "1992.05.??"]
[Round "11"]
[White "Tal, Mihail"]
[Black "Akopian, Vladimir Eduardovic"]
[Result "1-0"]
[WhiteElo "2525"]
[BlackElo "2605"]
[Annotator "Rogers,I"]
[PlyCount "75"]
[EventDate "1992.05.??"]
[EventType "tourn"]
[EventRounds "11"]
[EventCountry "ESP"]
[EventCategory "13"]
[SourceTitle "CBM 030"]
[Source "ChessBase"]
[SourceDate "1992.10.01"]
[SourceVersion "1"]
[SourceVersionDate "1992.10.01"]
[SourceQuality "1"]

1. e4 c5 2. Nf3 Nc6 3. Bb5 d6 4. O-O Bd7 5. Re1 Nf6 6. c3 a6 7. Ba4 ({The
heavily analysed gambit} 7. Bxc6 Bxc6 8. d4 Bxe4 9. Bg5 {was not to Tal's
taste against the well prepared World Junior Champion.}) 7... c4 $1 8. d4 cxd3
9. Bg5 e6 10. Qxd3 Be7 11. Bxf6 $5 gxf6 12. Bxc6 Bxc6 13. c4 O-O 14. Nc3 Kh8 $1
{Black's bishops are temporarily under control but, with Black preparing to
attack along the g file, the game is likely to open up at any moment.} 15. Rad1
Rg8 16. Qe3 Qf8 17. Nd4 Rc8 18. f4 Bd7 19. b3 Bd8 20. Nf3 b5 $5 21. Qa7 $1 Bc7
$1 22. Qxa6 bxc4 23. b4 Qg7 24. g3 d5 25. exd5 $6 {A brave and perhaps
foolhardy decision which tempts Black into a near decisive attack.} ({White's
23rd move, which tried to keep the position closed, clearly foreshadowed} 25.
e5 {with an unclear position.}) 25... Bxf4 26. Kf2 $1 f5 $2 {Black is looking
for the knock-out blow when any retreat of the bishop would leave White's king
exposed.} 27. gxf4 Qxc3 28. Qd6 $1 Ba4 29. Rd4 Rg7 30. dxe6 Bc6 {Black still
believes he is attacking but Tal has a typical surprise in store.} 31. Ng5 $1
Rxg5 ({Clearly} 31... fxe6 32. Qe5 {is hopeless for Black but now doesn't 32.
fxg5 Qf3+ mate for Black?}) 32. Qe5+ $1 {Oops! Black now loses his queen
whereupon the rest is easy.} Rg7 33. Rd8+ Rxd8 34. Qxc3 f6 35. e7 Ra8 36. Qxf6
Be4 37. Rg1 Rxa2+ 38. Ke1 1-0

[Event "Gibraltar Masters 14th"]
[Site "Caleta"]
[Date "2016.02.04"]
[Round "10"]
[White "Maze, Sebastien"]
[Black "Vachier Lagrave, Maxime"]
[Result "0-1"]
[WhiteElo "2591"]
[BlackElo "2785"]
[Annotator "Roiz,M"]
[PlyCount "86"]
[EventDate "2016.01.26"]
[EventType "swiss"]
[EventRounds "10"]
[EventCountry "GGB"]
[SourceTitle "CBM 171"]
[Source "ChessBase"]
[SourceDate "2016.03.14"]
[SourceVersion "2"]
[SourceVersionDate "2016.03.14"]
[SourceQuality "1"]

1. e4 c5 2. Nf3 d6 3. Bb5+ Nd7 {The tournament situation was forcing Maxime to
play for a win, so he chooses the most ambitious way of handling the opening.}
4. d4 cxd4 5. Qxd4 a6 6. Bxd7+ Bxd7 7. O-O Nf6 8. Nc3 e5 9. Qd3 h6 {It is very
important not to lose control over the d5-square in this line.} 10. Nd2 {
In his turn, Sebastien is going to put his knight on e3. This plan is somewhat
slow, but there is no better idea.} ({However, it is possible to restrict
Black's active possibilities on the queenside be means of} 10. a4 $5 {and only
after} Be7 {to employ the same approach:} 11. Nd2 Rc8 12. Nc4 Qc7 13. Ne3 Be6
14. Rd1 O-O 15. Bd2 Qc5 16. Be1 Rfd8 17. a5 Bc4 18. Qd2 Qc6 19. f3 $14 {
Miton,K (2605)-Bekker Jensen,S (2438)/Hamburg GER 2015}) 10... b5 11. a3 ({
In the following top-level game Black was able to solve all the problems after
} 11. a4 Rb8 12. Rd1 Be7 13. axb5 axb5 14. Nf1 b4 15. Nd5 Nxd5 16. Qxd5 O-O 17.
Ne3 Be6 18. Qd3 Qc7 19. Bd2 Rfc8 $11 {Anand,V (2816)-Topalov,V (2816)/Saint
Louis USA 2015}) 11... Be7 12. Rd1 Bg4 (12... O-O 13. Nf1 Bg4 14. f3 Be6 15.
Ne3 (15. Be3 $5) 15... Qb6 16. Kh1 {is another way to get the same position.})
13. f3 Qb6+ ({Approximately the same type of position would arise after} 13...
Be6 14. Nf1 Qc7 15. Ne3 O-O) 14. Kh1 Be6 15. Nf1 O-O 16. Ne3 Rac8 {This
natural move is a novelty.} ({In one preceding game Black has prefered another
setup:} 16... Rfc8 17. Qe2 (17. Ncd5 $5 Nxd5 18. Nxd5 Bxd5 19. Qxd5 $14) 17...
Qc6 18. Bd2 Bd8 19. Be1 Bb6 20. Bh4 Bxe3 21. Qxe3 Nd7 22. Be7 Nb6 23. Rxd6 Nc4
24. Rxc6 Nxe3 25. Rxc8+ Rxc8 $11 {Duda,J (2658)-Ponomariov,R (2710)/Berlin GER
2015}) 17. Qe2 Rc5 ({Maxime deviates from simplifications like} 17... Qc6 18.
Bd2 Rfd8 19. Be1 d5 20. exd5 Nxd5 21. Ncxd5 Bxd5 22. Nxd5 Rxd5 23. Rxd5 Qxd5
$11) 18. Bd2 {Sebastien's position is quite safe, so he feels comfortably to
regroup the pieces step by step.} (18. Nf5 $5 Qc7 (18... Bxf5 $6 19. Be3 $1 Be6
20. b4 Qc6 21. bxc5 dxc5 22. Bf2 $14 {doesn't offer Black a sufficient
compensation.}) 19. Be3 Rc6 20. g4 {could have led to a more complex battle.})
18... Rfc8 19. Be1 Qb7 20. Rd2 {One more useful prophylactic move.} a5 {
The same strategy - Black reasonably doesn't force the matters.} (20... d5 21.
exd5 Nxd5 22. Ncxd5 Bxd5 23. Nxd5 Rxd5 24. Rxd5 Qxd5 25. Bb4 $11) 21. Bf2 b4
22. Na4 $6 {This move seems a serious concession - the knight is definitely
misplaced there, so White's setup loses harmony.} ({A better try was} 22. axb4
axb4 23. Ncd5 Bxd5 24. exd5 g6 $132) 22... R5c6 23. Nd5 (23. Qd1 Ra6 24. axb4
axb4 25. b3 Rca8 $15) 23... Bd8 24. b3 $6 {One more inaccurate move, though
the refutation of it isn't trivial.} (24. Ne3 $142 b3 25. cxb3 Bxb3 26. Nc3 $15
) 24... bxa3 $2 {Returning the favour.} ({Both players missed the following
tactical idea:} 24... Bxd5 $1 25. exd5 Nxd5 $1 26. Rxd5 Rxc2 27. Rd2 Rc1+ 28.
Rxc1 Rxc1+ 29. Rd1 Rxd1+ 30. Qxd1 bxa3 $17 {and White is in a bit of danger, as
} 31. Qxd6 $2 Bh4 $1 32. Bxh4 a2 33. Qxe5 Qxb3 $19 {loses on the spot.}) 25.
Qd1 $1 Ra6 ({Now the above-mentioned tactical idea is less effective:} 25...
Nxd5 26. exd5 Bxd5 27. Rxd5 Rxc2 28. Nc5 Qa8 29. Bg1 Bb6 30. Qxc2 Qxd5 31. Qe4
Qxe4 32. Nxe4 $11) 26. Rxa3 (26. Nxf6+ $5 Bxf6 27. c4 Be7 28. Rda2 $11) 26...
Nxd5 27. exd5 Bf5 28. c4 {White was able to consolidate, so the position is
balanced again.} Bg5 29. Rda2 e4 $6 {An over-ambitious move.} (29... Bd7 $142
$11) 30. fxe4 Bxe4 31. Nc3 Bf5 32. Nb5 $6 {After this careless move Maxime's
play is justified.} ({Instead,} 32. Bd4 Re8 33. Re2 $14 {would offer White a
definite positional advantage.}) 32... Bd7 33. Nc3 Re8 34. h3 Qb4 {As a result
of Sebastien's passive play, White is doomed to a passive defence now.} 35. Qc2
Be3 $1 {The exchange of bishops would expose the dark squares in White's camp.}
36. Nd1 Bc5 {Honestly speaking, this move is not the best. On the other hand,
it poses White concrete problems.} (36... Bxf2 37. Nxf2 Qe1+ 38. Kh2 Qe5+ 39.
g3 Bf5 $15) 37. Kh2 Re1 38. Ra4 $2 {Finally White can't withstand the pressure!
} ({White's task was not easy, but had GM Maze played} 38. Nb2 $1 Bxf2 39. Qxf2
Qc3 40. Nd3 Re4 41. Qg3 $11 {the result would be unpredictable.}) 38... Bxa4
39. Rxa4 Bxf2 40. Rxb4 Bg1+ 41. Kg3 axb4 $19 {The remaining few moves were
just an agony.} 42. Qd2 Re8 43. Qxb4 Rb6 {A very important victory!} 0-1

[Event "Biel MTO op 49th"]
[Site "Biel"]
[Date "2016.08.01"]
[Round "7"]
[White "Safarli, Eltaj"]
[Black "Aravindh, Chithambaram VR"]
[Result "1-0"]
[WhiteElo "2678"]
[BlackElo "2543"]
[Annotator "Safarli,E"]
[PlyCount "49"]
[EventDate "2016.07.25"]
[EventType "swiss"]
[EventRounds "9"]
[EventCountry "SUI"]
[SourceTitle "CBM 173 Extra"]
[Source "ChessBase"]
[SourceDate "2016.08.29"]
[SourceVersion "1"]
[SourceVersionDate "2016.08.29"]
[SourceQuality "1"]

1. e4 c5 2. Nf3 Nc6 3. Bb5 d6 4. O-O Bd7 5. Re1 Nf6 6. c3 a6 7. Bc4 $5 {
This interesting move recently became more popular then the all time main move
- 7. Bf1. The main idea of 7.Bc4 is to provoke Black to push b5 and then after
8. Bf1 to destroy queenside with a4! And if Black is not playing b5 then
White's Bishop on c4 actively placed and doing very good} Bg4 (7... b5 8. Bf1
Bg4 (8... e5 9. a4 b4 10. d4) 9. a4 $1 $36 {the key idea} b4 10. d4 $36) 8. d4
$1 {Now Black has many moves. At the time when I played this game, this line
was not so well known and my opponent wasn't prepared. Suddenly he got into
trouble very quickly} ({of course not} 8. h3 Bxf3 $1 9. Qxf3 Ne5 10. Qe2 Nxc4
11. Qxc4 e6 {with easy equality for Black}) 8... cxd4 (8... e6 9. d5 Ne5 10.
Be2 Nxf3+ 11. Bxf3 Bxf3 12. Qxf3 e5 13. a4) (8... Bxf3 9. gxf3 cxd4 10. cxd4 e5
11. Be3) 9. cxd4 e5 (9... Bxf3 10. gxf3 e5 11. Be3 {transposes to 8...Bxf3 line
}) 10. dxe5 dxe5 11. Bd5 $3 $14 {Novelty and the key move! White simply wants
to take on c6, to create weaknesses on Black's queenside} Qb6 (11... Bd6 12.
Bxc6+ bxc6 13. Nbd2 $14) (11... Bb4 12. Bxc6+ $1 bxc6 13. Qxd8+ Rxd8 14. Bd2
Bd6 15. Ba5 Rb8 16. Nbd2 $14 {1-0 (89) Shevchenko,K (2439)-Esipenko,A (2492)
St Petersburg 2016}) 12. Bxc6+ bxc6 (12... Qxc6 13. Nxe5 $1 Bxd1 14. Nxc6 bxc6
15. Rxd1 Nxe4 16. Be3 $14 (16. Re1 O-O-O $1)) 13. Be3 $1 Qxb2 (13... Bc5 14.
Nbd2 $16) 14. Nbd2 $16 {Black is in big trouble} Rd8 (14... Be7 15. Qa4 (15.
Nc4 Bxf3 16. gxf3 $5 Qb8 17. Rb1 Qc7 18. Qb3 O-O 19. Qb7 $16) 15... O-O 16.
Rab1 Qc3 17. Nc4 $16) 15. Qa4 $1 Be7 16. Rab1 Qa3 17. Qxa3 Bxa3 18. Nc4 Be7 19.
Ncxe5 $18 Rc8 20. Rb7 h6 21. h3 Be6 22. Nd4 Bxa2 23. Ra1 Bd6 24. Nef3 c5 25.
Nf5 1-0